000 00648nam a22002177a 4500
999 _c3380
_d3380
001 3380
003 BD-JhCC
005 20171113120704.0
008 171113s19661968bg |||| ||a| 000 0 ben d
035 _a(BD-JhCC)3380
040 _aBD-JhCC
_dBD-JhCC
041 _aben
082 _a891.442
_bZAF 1968
100 _aজাফর, সিকানদার আবু
245 _aমহাকবি আলাউল /
_cসিকানদার আবু জাফর,
260 _aঢাকা :
_bসমকাল প্রকাশনী,
_c1968
300 _a92 p. :
_c22 cm.
650 _aBengali Drama
942 _2ddc
_cBK